000 00425nam a2200157Ia 4500
003 OSt
005 20230601151428.0
008 211028s2012 xx 000 0 und d
040 _cAIMIT LIBRARY
041 _aeng
100 _aShetty, Anusha Arun; D'Silva, Arun.
_98332
_e101903
110 _aArun D'Silva
_98333
245 _aScore calculation for interactive perl tutor.
260 _aMangalore
_c2012
942 _2ddc
_cPRO
999 _c219835
_d219835